[Event "Hoogeveen"]
[Site "Unive 13"]
[Date "2009.10.19"]
[Round "2"]
[White "Ivanchuk, Vassily"]
[Black "Polgar, Judit"]
[Result "1/2-1/2"]
[WhiteElo "2756"]
[BlackElo "2687"]
[Annotator "JvR"]
[PlyCount "150"]
[EventDate "2009.10.18"]
[SourceDate "1998.01.31"]

1. d4 Nf6 2. c4 e6 3. Nc3 Bb4 4. Nf3 b6 5. Bd2 Bb7 6. g3 c5 7. dxc5 Bxc5 8. Bg2
O-O 9. O-O Na6 10. a3 $5 Be7 11. b4 Rc8 12. Qb3 Qc7 13. Rfd1 $1 Rfd8 ({
The pointe i} 13... Qxc4 $2 14. Qxc4 Rxc4 15. Ne5 Rc7 16. Nb5) 14. Nb5 Qb8 15.
Bf4 d6 16. Rac1 h6 17. h3 e5 18. Bd2 Nc7 19. Nc3 Qa8 20. Be3 Bf8 21. Kh2 Ne4
22. Nh4 Nxc3 23. Rxc3 Bxg2 24. Nxg2 Ne6 25. f3 d5 26. cxd5 Rxc3 27. Qxc3 Rxd5
28. Rc1 Qd8 29. Qc8 g6 30. Qa6 Qd7 31. Rc8 Kg7 32. Rb8 Qe7 33. Bc1 Rd7 34. Bb2
Nd4 35. h4 h5 36. Bxd4 exd4 37. Nf4 Kh7 38. Qc8 Kg7 39. Qc2 Rc7 40. Qd1 Qd7 41.
Qd3 Qd6 42. Re8 Rc3 43. Qb5 Be7 44. Ra8 Re3 45. Rxa7 $2 d3 $1 46. exd3 Rxf3 $2
(46... Qd4 $1 47. Nxh5+ gxh5 48. Qxh5 Qxd3 {gains an advantage.}) 47. Kg2 $1
Re3 48. Kf2 Re5 49. Qd7 Qf6 50. d4 Re4 $1 51. Kf3 Re1 52. Kf2 Re4 53. Kf3 Re1
54. Ra8 Ra1 55. Qe8 Kh6 56. Qh8+ Qxh8 57. Rxh8+ Kg7 58. Rb8 Rxa3+ 59. Kg2 Bxb4
60. Rxb6 Be1 61. Ne2 Re3 62. Rb2 Kf6 63. Kh3 Kf5 64. Rb5+ $6 Kf6 $6 (64... Ke4
$1 {plays for a win.}) 65. Rb6+ Ke7 66. Rb2 f6 67. Kg2 Kd6 68. Ra2 Kd5 69. Kh3
Ke4 70. d5 $1 Kxd5 71. Nf4+ Kd6 72. Rg2 Ke5 73. Nxg6+ Kf5 74. Nf8 Rd3 75. Rg1
Re3 {The charge by Black has ended.} 1/2-1/2

[Event "Hoogeveen"]
[Site "Unive 13"]
[Date "2009.10.20"]
[Round "3"]
[White "Polgar, Judit"]
[Black "Giri, Anish"]
[Result "1/2-1/2"]
[WhiteElo "2687"]
[BlackElo "2552"]
[Annotator "JvR"]
[PlyCount "36"]
[EventDate "2009.10.18"]
[SourceDate "1998.01.31"]

1. e4 e5 2. Nf3 Nf6 3. d4 Nxe4 4. Bd3 d5 5. dxe5 Be7 6. O-O Nc5 7. Be2 O-O 8.
Nc3 c6 9. Nd4 Qc7 $5 10. Bf4 Nbd7 11. Nf3 $6 ({Preferable is} 11. Re1) 11...
Ne4 $6 (11... Ne6 $1 12. Bg3 Ndc5 {gains an edge.}) 12. Bd3 $5 Ndc5 13. Re1 Qb6
14. Bxe4 dxe4 15. Nd2 Qxb2 16. Ndxe4 Nxe4 17. Nxe4 Bf5 18. Nd6 Qxc2 {
The battle ended quickly.} (18... Qxc2 19. Qxc2 Bxc2 20. Nxb7 {equalises.})
1/2-1/2

[Event "Hoogeveen"]
[Site "Unive 13"]
[Date "2009.10.20"]
[Round "3"]
[White "Tiviakov, Sergei"]
[Black "Ivanchuk, Vassily"]
[Result "1/2-1/2"]
[WhiteElo "2670"]
[BlackElo "2756"]
[Annotator "JvR"]
[PlyCount "292"]
[EventDate "2009.10.18"]
[SourceDate "1998.01.31"]

1. e4 c6 2. d4 d5 3. Nd2 dxe4 4. Nxe4 Nd7 5. Nf3 Ngf6 6. Nxf6+ Nxf6 7. Bc4 Bf5
8. Qe2 e6 9. Bg5 Qa5+ 10. c3 Bg4 11. Qe5 $5 Nd5 12. Nd2 f6 13. Qg3 h5 14. h3 $6
({Preferable is} 14. Bf4) 14... Bf5 $1 15. Be3 g5 16. Qf3 g4 $1 17. Qe2 gxh3
18. gxh3 O-O-O 19. Nb3 Qa4 20. Bd3 Bxd3 21. Qxd3 c5 22. Qe2 cxd4 23. Nxd4 e5
24. Qc2 Qc4 25. Qe2 Nxe3 26. fxe3 Qxe2+ 27. Nxe2 Rd3 {
Black has achieved a better endgame.} 28. Rf1 Rxe3 29. Rxf6 Be7 $5 30. Rf5 e4
31. Kd2 Rxh3 32. Re5 e3+ 33. Kd3 Bd6 34. Rxe3 Rxe3+ 35. Kxe3 h4 {
He has a dangerous passed pawn.} 36. Rd1 Bc7 37. Ng1 Bb6+ 38. Kf4 Rf8+ $6 (
38... h3 39. Nf3 Bc7+ 40. Ke3 h2 {makes progress.}) 39. Ke4 Rf2 40. Nf3 Rxb2
41. Nxh4 Rxa2 {Black has an extra pawn.} 42. Nf5 Kc7 43. Rh1 Bc5 44. Kd5 Ra5
45. Kc4 a6 46. Ng7 Bb6 47. Ne8+ Kb8 48. Nd6 Rc5+ 49. Kb3 Rc6 50. Rh8+ Kc7 51.
Nc4 Bf2 52. Rh7+ Kb8 53. Rd7 Bg3 54. Ne3 Be5 55. Nd5 Rc5 56. c4 Rc8 57. Nb6 Rc6
58. Nd5 Bd6 59. Rd8+ Ka7 60. Rd7 Bf8 61. Rd8 Bc5 62. Rd7 Rh6 63. Rc7 Rh3+ 64.
Kc2 Bd4 65. Re7 a5 66. Re4 Bh8 67. Re3 Rh2+ $5 68. Kb3 Bd4 69. Re8 Bc5 70. Ka4
b6 71. Rg8 Rb2 72. Rg7+ Ka6 73. Nc7+ Kb7 74. Nb5+ Kc8 75. Na7+ Kd8 76. Nc6+ Ke8
77. Rh7 Ra2+ 78. Kb3 Ra3+ 79. Kc2 Re3 80. Ra7 Re6 81. Nxa5 $5 bxa5 82. Rxa5 {
White has reached a theoretical draw, but he has to suffer.} Re5 83. Kd3 Kd7
84. Ra6 Kc7 85. Rg6 Re3+ 86. Kd2 Rh3 87. Rf6 Bb4+ 88. Ke2 Rc3 89. Rf3 Rc2+ 90.
Kd3 Rd2+ 91. Ke4 Kc6 92. Rf5 Rd1 93. Rd5 Rc1 94. Kd3 Rc3+ 95. Kd4 Rh3 96. Rg5
Bc3+ 97. Ke4 Bb2 98. Rd5 Ba3 99. Rg5 Bd6 100. Rd5 Bc5 101. Re5 Re3+ 102. Kf5
Rc3 103. Re4 Bb4 104. Re6+ Kc5 105. Re4 Rd3 106. Kf4 Bd2+ 107. Kg4 Bc3 108. Kf4
Bd4 109. Re2 Kxc4 {Tiviakov has to survive the next fifty moves.} 110. Ke4 Rh3
111. Rc2+ Bc3 112. Re2 Rh4+ 113. Ke3 Bd4+ 114. Kd2 Rh1 115. Kc2 Ra1 116. Kd2
Bc3+ 117. Ke3 Kd5 118. Kd3 Bd4 119. Kc2 Ra3 120. Re8 Kc4 121. Rc8+ Bc5 122. Rc7
Ra2+ 123. Kc1 Rg2 124. Rc8 Kd4 125. Kb1 Kd5 126. Rc7 Be3 127. Rc2 Rg1+ 128. Ka2
Bd4 129. Rc8 Ke4 130. Kb3 Rb1+ 131. Ka4 Kd5 132. Ka3 Rb7 133. Rc2 Ke4 134. Ka4
Kd3 135. Rc8 Bc3 136. Rc5 Rb6 137. Rb5 Ra6+ 138. Kb3 Ra1 139. Rd5+ Bd4 140. Rb5
Rc1 141. Rb4 Bc5 142. Rb5 Rc3+ 143. Kb2 Ba3+ 144. Ka2 Kc4 145. Rb8 Bc5 146. Kb2
Rh3 {All games in the first cycle were drawn.} 1/2-1/2

[Event "Hoogeveen"]
[Site "Unive 13"]
[Date "2009.10.22"]
[Round "4"]
[White "Ivanchuk, Vassily"]
[Black "Giri, Anish"]
[Result "1/2-1/2"]
[WhiteElo "2756"]
[BlackElo "2552"]
[Annotator "JvR"]
[PlyCount "52"]
[EventDate "2009.10.18"]
[SourceDate "1998.01.31"]

1. c4 c6 2. Nc3 d5 3. d4 Nf6 4. cxd5 cxd5 5. Bf4 Nc6 6. e3 Bf5 7. Nf3 e6 8. Bb5
Nd7 9. Qa4 Qb6 10. Nh4 Be4 11. O-O a6 $5 12. Rac1 Be7 13. f3 $1 Bg6 14. Nxg6
hxg6 15. Bxc6 bxc6 16. Rc2 c5 $5 17. Rfc1 c4 18. e4 $5 Bd6 ({The alternative is
} 18... Qxd4+ $5 19. Kh1 Qf6 20. Bg3 Qg5 {and Black has a difficult defence.})
19. Bxd6 Qxd6 20. exd5 $5 {Ivanchuk allows a spectacular finish.} Qxh2+ 21. Kf1
Qh1+ 22. Kf2 Qh4+ 23. g3 $5 Qh2+ 24. Ke3 Qh6+ 25. Kf2 (25. f4 $6 g5 $1 {
allows a black attack.}) 25... Qh2+ 26. Ke3 Qh6+ {
Giri delivers perpetual check.} 1/2-1/2

[Event "Hoogeveen"]
[Site "Unive 13"]
[Date "2009.10.22"]
[Round "4"]
[White "Tiviakov, Sergei"]
[Black "Polgar, Judit"]
[Result "1-0"]
[WhiteElo "2670"]
[BlackElo "2687"]
[Annotator "JvR"]
[PlyCount "103"]
[EventDate "2009.10.18"]
[SourceDate "1998.01.31"]

1. e4 c5 2. Nf3 e6 3. d4 cxd4 4. Nxd4 Nc6 5. Nc3 a6 6. g3 d6 7. Bg2 Bd7 8. O-O
Nf6 9. Nxc6 Bxc6 10. a4 Be7 11. Be3 O-O 12. a5 Nd7 13. Qd2 Qc7 14. Rfe1 Rac8
15. Bd4 Ne5 16. b3 Be8 $5 17. Re3 Nd7 $5 18. Re2 Bf6 19. Bxf6 Nxf6 20. Na2 Bd7
$5 {Polgar moves passively.} 21. c4 $1 Rfd8 22. Nb4 e5 $5 23. Kh1 $5 Ra8 24. f4
Re8 $1 25. Re3 b5 $5 26. axb6 Qxb6 27. Rae1 $5 a5 $5 28. fxe5 Rxe5 $1 29. Nd3
Qd4 $2 ({Right is} 29... Ree8 $1 30. e5 Ng4 $1 31. Bxa8 Rxa8 32. exd6 Nxe3 33.
Qxe3 Qxd6) 30. R3e2 $1 Rb8 ({The pointe is} 30... Rh5 31. e5 $1) 31. Nxe5 Qxe5
32. Qd3 h5 33. Rd2 Rb6 34. Qd4 Rxb3 35. Qxd6 Qxd6 36. Rxd6 Be6 37. c5 Ng4 38.
c6 Rc3 39. e5 a4 40. Kg1 a3 41. Rd8+ Kh7 42. Rd3 $1 Rc5 ({Or} 42... Rxd3 43.
Be4+ g6 44. Bxd3 a2 45. c7 Nxe5 46. Be2 {and White wins (Tiviakov).}) 43. Rxa3
Nxe5 44. Ra6 g6 45. c7 Bc8 46. Rd6 Ng4 47. Rc6 Ra5 48. h3 Ne5 49. Rd6 Rc5 50.
Rd5 $1 Rxd5 51. Bxd5 f6 52. Kg2 {
This would become the only decided game in the tournament.} 1-0

[Event "Hoogeveen"]
[Site "Unive 13"]
[Date "2009.10.23"]
[Round "5"]
[White "Ivanchuk, Vassily"]
[Black "Tiviakov, Sergei"]
[Result "1/2-1/2"]
[WhiteElo "2756"]
[BlackElo "2670"]
[Annotator "JvR"]
[PlyCount "118"]
[EventDate "2009.10.18"]
[SourceDate "1998.01.31"]

{Ivanchuk attacks the leadership of Tiviakov.} 1. e4 d5 2. exd5 Qxd5 3. Nc3 Qd6
4. d4 Nf6 5. Nf3 c6 6. Ne5 Nbd7 7. Bf4 Nd5 8. Nxd5 Qxd5 9. Nf3 Nb6 10. Be2 Bf5
11. c3 e6 12. O-O Be7 13. a4 $5 (13. Re1 {
was played in Vila Gasquez - Tiviakov, Benidorm 2008.}) 13... a5 $5 ({
The alternative is} 13... O-O 14. a5 Nc4) 14. Bc7 Bd8 15. Bg3 Qd7 16. Qb3 Bc7
17. Rfe1 O-O 18. Rad1 Nd5 19. Ne5 Qc8 20. Rd2 Rd8 21. Bh5 Bg6 22. Bg4 Re8 23.
Bf3 Nf6 24. c4 Bd6 25. c5 Bxe5 26. Bxe5 Nd5 27. h4 $1 h6 28. h5 Bf5 29. Rde2
Rd8 30. Bd6 Nf6 31. Qe3 Rd7 32. Qf4 Qd8 33. Qg3 $5 Ne8 $1 34. Be5 Qg5 $5 35.
Qh2 $5 Rad8 36. Re3 Qe7 37. g4 Bh7 38. Bd1 Kf8 $5 39. Bb3 Qg5 40. Qg3 Nf6 41.
f3 $5 Nd5 $2 ({Correct is} 41... Rxd4 $1 42. Bxd4 Rxd4 43. Bxe6 fxe6 44. Qb8+
Kf7 45. Rxe6 Rxg4+ 46. fxg4 Qxg4+ {and perpetual check follows.}) 42. Bxd5 Rxd5
43. f4 Qe7 44. g5 hxg5 45. fxg5 Bf5 46. h6 $1 Rxd4 $1 {
Black fights for his last chance.} 47. Bxd4 $2 {White misses an ingenious win.}
({Better is} 47. Bxg7+ Kg8 48. Bf6 $1 Qxc5 49. g6 $3 Bxg6 50. h7+ Kxh7 51. Bxd8
{and White wins (Tiviakov).}) 47... Rxd4 48. Re5 Bg6 49. Qh3 gxh6 50. Qxh6+ Kg8
51. Rxe6 fxe6 52. Qxg6+ Qg7 53. Qe8+ Qf8 54. Qxe6+ Qf7 55. Qc8+ Kg7 56. Qh3 Qg6
57. Kh1 Rd5 58. Re7+ Kf8 59. Re1 Kg7 {Tiviakov kept the lead.} 1/2-1/2

[Event "Hoogeveen"]
[Site "Unive 13"]
[Date "2009.10.24"]
[Round "6"]
[White "Tiviakov, Sergei"]
[Black "Giri, Anish"]
[Result "1/2-1/2"]
[WhiteElo "2670"]
[BlackElo "2552"]
[Annotator "JvR"]
[PlyCount "111"]
[EventDate "2009.10.18"]
[SourceDate "1998.01.31"]

1. e4 e5 2. Bc4 Nf6 3. d3 c6 4. Nf3 d5 5. Bb3 Bd6 6. Nc3 dxe4 7. Ng5 O-O 8.
Ncxe4 Nxe4 9. Nxe4 Bf5 10. Qf3 Bxe4 11. dxe4 Nd7 12. O-O Nc5 13. Bc4 b5 14. Be2
Qe7 15. c3 Rfd8 $5 (15... a5 16. Be3 a4 {
drew in Efimenko - Golod, Montreal 2005.}) 16. g3 Rab8 17. h4 h6 18. Rd1 Bc7
19. Be3 Na4 20. Bc1 $5 Bb6 21. Rb1 b4 22. Kg2 bxc3 23. bxc3 Qe6 24. Rb4 Rxd1
25. Bxd1 Nc5 26. Be2 Qe7 27. Bc4 Rd8 28. Rb2 Nb7 29. Rd2 Rxd2 30. Bxd2 Na5 31.
Be2 Qe6 32. Qg4 Qxg4 33. Bxg4 Nc4 {
Black should play for a win, but White has a slight advantage in the endgame.}
34. Be1 Ba5 35. Bd7 c5 36. Kf3 Nd6 37. Ke3 Bb6 38. f4 Kf8 39. Bc6 Ke7 40. Bd5
c4+ 41. Kf3 f6 42. h5 Ba5 43. a4 Bb6 44. Bd2 Ba5 45. fxe5 fxe5 46. g4 Kf6 47.
g5+ hxg5 48. Kg4 g6 49. Bxg5+ Kg7 50. Bd2 Bb6 51. Bc1 Ba5 52. Bd2 Bb6 53. Be1
Ba5 54. Kg5 Bd8+ 55. Kg4 {He cannot make any progress.} Ba5 56. Bd2 {
The final standings became: Tiviakov 31/2/6, Ivanchuk and Giri 3, Polgar 21/2.}
1/2-1/2

[Event "Hoogeveen"]
[Site "Unive 14"]
[Date "2010.10.26"]
[Round "2"]
[White "Shirov, Alexei"]
[Black "Tiviakov, Sergei"]
[Result "1-0"]
[WhiteElo "2749"]
[BlackElo "2637"]
[Annotator "JvR"]
[PlyCount "51"]
[EventDate "2010.10.25"]
[SourceDate "1998.01.31"]

1. e4 d5 2. exd5 Qxd5 3. Nc3 Qd6 4. d4 Nf6 5. Nf3 c6 6. Ne5 Nbd7 7. f4 Nb6 8.
g4 Nbd5 9. Bg2 $5 ({Known is} 9. g5 Nxc3 10. bxc3) 9... g6 10. g5 Nxc3 11. bxc3
Nd5 $2 {Tiviakov blunders in his pet opening.} ({An improvement will become} 
11... Nd7 $5 12. O-O h6 {(Wan - Tiviakov, Moscow 2011).}) 12. c4 $1 Nc7 13. c5
Qd8 14. d5 $3 {A breakthrough opens the position.} cxd5 $2 (14... Bg7 $5 15.
dxc6 Qxd1+ 16. Kxd1 b5 17. cxb6 axb6 {leads to a hard defence.}) 15. c4 $1 e6
16. Bb2 Bg7 $5 17. Nc6 $1 bxc6 18. Bxg7 Rg8 19. Be5 Bd7 20. O-O Rb8 21. Qa4 Rb7
22. Rab1 Qc8 23. Rxb7 Qxb7 24. Rf2 $1 d4 25. Qa5 Kd8 26. Be4 {The solid Tiviako
v was defeated quickly. Shirov got a beauty prize for this game.} 1-0

[Event "Hoogeveen"]
[Site "Unive 14"]
[Date "2010.10.27"]
[Round "3"]
[White "Giri, Anish"]
[Black "Shirov, Alexei"]
[Result "1/2-1/2"]
[WhiteElo "2677"]
[BlackElo "2749"]
[Annotator "JvR"]
[PlyCount "146"]
[EventDate "2010.10.25"]
[SourceDate "1998.01.31"]

1. d4 d5 2. c4 c6 3. Nc3 Nf6 4. e3 e6 5. Nf3 Nbd7 6. Qc2 Bd6 7. Bd3 O-O 8. O-O
dxc4 9. Bxc4 b5 10. Bd3 Bb7 11. a3 a5 12. e4 e5 13. dxe5 Nxe5 14. Nxe5 Bxe5 15.
h3 Ba6 16. Rd1 $5 (16. Be3 {was played in Aronian - Shirov, Novi Sad 2009.})
16... Qc7 17. Be3 b4 18. axb4 Bxd3 19. Qxd3 axb4 20. Rxa8 Rxa8 21. Na4 c5 $2 {
This sacrifice has no point.} 22. Bxc5 Qc6 23. b3 Qxe4 $2 24. Qxe4 $2 (24. Qd8+
$1 Ne8 25. Qe7 $1 h6 26. Nb6 $1 {wins for White.}) 24... Nxe4 25. Bxb4 {
White has gained a pawn.} f5 26. Rd5 Bf6 27. Ba5 Rc8 28. Bb6 $2 (28. Rxf5 Rc1+
29. Kh2 g6 30. Rd5 Nxf2 31. Bd8 {plays for a win.}) 28... Rc1+ 29. Kh2 f4 30.
Rd3 Bh4 31. g3 fxg3+ 32. fxg3 Rc2+ 33. Kg1 Bxg3 {Black has regained the pawn.}
34. Bd4 h5 35. Nc3 $5 Bh2+ 36. Kf1 Nd2+ 37. Kg2 Nxb3+ 38. Bf2 Nc5 39. Rd5 Bg3
40. Kxg3 Rxc3+ 41. Kh4 Ne4 42. Bd4 Rd3 43. Rd7 $5 g6 44. Rg7+ $1 Kf8 45. Rxg6
Rxd4 46. Kxh5 Kf7 47. Ra6 Nc5 48. Ra1 Ne6 49. Rf1+ Kg7 50. Rg1+ Kf6 51. Rf1+
Ke5 52. Kg6 Nf4+ 53. Kg5 Nxh3+ {
Although a theoretical draw has been reached, White has to suffer.} 54. Kg6
Nf4+ 55. Kg5 Ne6+ 56. Kg6 Rg4+ 57. Kf7 Rg7+ 58. Ke8 Nf4 59. Re1+ Kd6 60. Rd1+
Nd5 61. Kf8 Rg3 62. Kf7 Rb3 63. Kg7 Ke6 64. Ra1 Re3 65. Ra6+ Kf5 66. Ra5 Re7+
67. Kf8 Rd7 68. Ra1 Ne7 69. Ke8 Rb7 70. Kd8 Ke6 71. Ra6+ Kd5 72. Rh6 Nf5 73.
Rh1 Kd4 {Giri survived the pressure.} 1/2-1/2

[Event "Hoogeveen"]
[Site "Unive 14"]
[Date "2010.10.27"]
[Round "3"]
[White "Tiviakov, Sergei"]
[Black "Vachier Lagrave, Maxime"]
[Result "0-1"]
[WhiteElo "2637"]
[BlackElo "2721"]
[Annotator "JvR"]
[PlyCount "80"]
[EventDate "2010.10.25"]
[SourceDate "1998.01.31"]

1. e4 c5 2. Nf3 d6 3. d4 cxd4 4. Nxd4 Nf6 5. Nc3 a6 6. Be3 Ng4 7. Bg5 h6 8. Bh4
g5 9. Bg3 Bg7 10. Be2 h5 11. Bxg4 hxg4 12. O-O e6 13. Nb3 $6 {
Tiviakov delivers a poor novelty.} ({Better is} 13. Re1 $1) 13... Bxc3 $1 14.
bxc3 e5 $1 15. c4 Nc6 16. Qd3 Qe7 17. Rfd1 Be6 $1 {Black has a fine position.}
18. Qxd6 Rd8 19. Qc5 $5 f6 20. Rxd8+ $5 Qxd8 $1 {
Black has a fine compensation for the pawn.} 21. f3 gxf3 22. gxf3 Kf7 23. Rb1
Kg6 24. Bf2 Rh3 25. Kg2 $6 ({Preferable is} 25. Qe3) 25... Qh8 $1 26. Bg3 $2 ({
Correct is} 26. Rh1 Qh5 $1 27. Bg3 g4 28. Qf2) 26... Rxg3+ $1 27. hxg3 Qh3+ 28.
Kf2 Qh2+ 29. Ke3 Qxc2 30. Rc1 Qxa2 31. Rc3 Qb1 $1 32. Nc1 Nd4 33. f4 Qb2 $1 34.
f5+ Kh5 $1 35. Kd3 Bd7 36. Qa5 Qf2 37. Qa2 Qxg3+ 38. Kd2 Qg2+ 39. Kd1 Qh1+ 40.
Kd2 Qxe4 {The standings after one cycle became: Shirov and Vachier Lagrave 2,
Giri 11/2, Tiviakov 1/2.} 0-1

[Event "Hoogeveen"]
[Site "Unive 14"]
[Date "2010.10.28"]
[Round "4"]
[White "Giri, Anish"]
[Black "Tiviakov, Sergei"]
[Result "1-0"]
[WhiteElo "2677"]
[BlackElo "2637"]
[Annotator "JvR"]
[PlyCount "83"]
[EventDate "2010.10.25"]
[SourceDate "1998.01.31"]

1. e4 c5 2. Nf3 Nc6 3. d4 cxd4 4. Nxd4 g6 5. c4 Nf6 6. Nc3 Nxd4 7. Qxd4 d6 8.
Be2 Bg7 9. Be3 O-O 10. Qd2 a5 11. Rd1 Be6 12. O-O a4 13. f4 Qa5 14. Bd4 Rfe8 $5
({The alternative is} 14... Qb4) 15. Qd3 Rad8 16. Kh1 Bd7 17. Qe3 Rc8 18. h3
Bc6 19. e5 Nd7 20. exd6 exd6 21. Qf2 Nf6 $6 (21... Bxd4 22. Qxd4 Qb6 23. Qxb6
Nxb6 24. Rxd6 Re3 {plays for a draw.}) 22. f5 $1 g5 23. h4 g4 $2 (23... Ne4 24.
Nxe4 Rxe4 25. hxg5 Bxd4 26. Rxd4 Rxd4 27. Qxd4 Re8 {almost equalises.}) 24. h5
Ne4 25. Nxe4 Bxd4 26. Rxd4 Rxe4 27. Rxe4 Bxe4 28. Bxg4 {
White has gained a pawn.} Rxc4 $2 {This capture allows a charge.} 29. Be2 $1
Rc6 30. Qh4 Qe5 31. Qd8+ Kg7 32. f6+ Kh6 33. Qf8+ Kg5 34. Qg8+ Bg6 35. hxg6
hxg6 36. Qxf7 Qxe2 37. Qd5+ Kg4 38. Rf3 Qe1+ 39. Kh2 Qh4+ 40. Rh3 Qxf6 41. Qe4+
Qf4+ 42. Rg3+ {The mate attack has netted a queen.} 1-0

[Event "Hoogeveen"]
[Site "Unive 14"]
[Date "2010.10.28"]
[Round "4"]
[White "Shirov, Alexei"]
[Black "Vachier Lagrave, Maxime"]
[Result "0-1"]
[WhiteElo "2749"]
[BlackElo "2721"]
[Annotator "JvR"]
[PlyCount "58"]
[EventDate "2010.10.25"]
[SourceDate "1998.01.31"]

{The leaders met in round four.} 1. d4 Nf6 2. c4 g6 3. Nc3 d5 4. cxd5 Nxd5 5.
e4 Nxc3 6. bxc3 Bg7 7. Bc4 c5 8. Ne2 Nc6 9. Be3 O-O 10. O-O Bd7 11. h4 $5 {
He makes a premature move.} ({Theory is} 11. Rb1) 11... Na5 12. Bd3 e5 13. Bg5
Qc7 14. dxe5 $5 Rfe8 $5 15. f4 $5 Bg4 $1 16. Qe1 h6 17. Bf6 Bxf6 18. exf6 Rad8
{White has little advantage.} 19. Qg3 $2 {Shirov blunders tactically.} ({
Correct is} 19. Bc2) 19... c4 $1 20. Qxg4 ({Or} 20. Bxc4 Nxc4 21. Qxg4 Rxe4)
20... cxd3 21. Ng3 Nc4 22. e5 Ne3 23. Qf3 Nxf1 24. Rxf1 d2 25. Rd1 Qc4 26. Nf5
$5 Rd3 $1 27. Ne7+ Kh7 $1 28. Qxb7 Red8 $1 29. Qxa7 Rxc3 {
This game would decide the tournament.} 0-1

[Event "Hoogeveen"]
[Site "Unive 14"]
[Date "2010.10.29"]
[Round "5"]
[White "Shirov, Alexei"]
[Black "Giri, Anish"]
[Result "1-0"]
[WhiteElo "2749"]
[BlackElo "2677"]
[Annotator "JvR"]
[PlyCount "49"]
[EventDate "2010.10.25"]
[SourceDate "1998.01.31"]

1. d4 Nf6 2. c4 e6 3. Nf3 d5 4. Nc3 Bb4 5. e3 O-O 6. Bd3 b6 7. cxd5 exd5 8. O-O
Bb7 9. Ne5 Bd6 10. f4 c5 11. Bd2 Nc6 12. Ne2 Rc8 $5 13. Bc3 Ne7 $5 14. Ng3 Ne4
15. Bxe4 dxe4 16. Qg4 $5 f5 $1 17. Qh3 c4 18. d5 $6 ({Preferable is} 18. Ne2
Nd5 19. a3) 18... Bc5 $5 19. Rad1 $1 Bxe3+ $6 ({Wiser is} 19... Bxd5 20. Nh5 g6
) 20. Kh1 Nxd5 $4 ({Correct is} 20... Bc5 21. Nxe4 Bxd5) 21. Nxf5 {
White threatens Nxe3.} Bxf4 22. Nh6+ $1 gxh6 ({Or} 22... Bxh6 23. Qe6+ Kh8 24.
Rxf8+ Qxf8 25. Nf7+ $1 {and White wins.}) 23. Qe6+ Kg7 24. Nc6+ Nxc3 25. Rxd8 {
Shirov has gained a queen.} 1-0

[Event "Hoogeveen"]
[Site "Unive 14"]
[Date "2010.10.29"]
[Round "5"]
[White "Vachier Lagrave, Maxime"]
[Black "Tiviakov, Sergei"]
[Result "1-0"]
[WhiteElo "2721"]
[BlackElo "2637"]
[Annotator "JvR"]
[PlyCount "147"]
[EventDate "2010.10.25"]
[SourceDate "1998.01.31"]

1. e4 d5 2. exd5 Qxd5 3. Nf3 Bg4 4. Be2 Nc6 5. Nc3 Qd7 6. h3 Bxf3 7. Bxf3 O-O-O
8. d3 Nd4 9. O-O e6 $5 10. Be3 Ne7 11. Bxd4 Qxd4 12. Ne4 Nc6 ({The pointe is} 
12... Qxb2 $2 13. Rb1 Qe5 14. Rxb7 $1 Kxb7 15. Nd6+) 13. Qc1 Be7 14. Rd1 f5 15.
c3 Qd7 16. Ng3 g6 17. d4 Bd6 $5 18. b4 Bxg3 19. fxg3 Qd6 20. b5 Na5 $6 {
The knight becomes vulnerable.} ({Preferable is} 20... Ne7 $1 21. c4 Kb8) 21.
c4 $1 e5 22. c5 $1 Qe7 23. Qc3 e4 $1 24. Bxe4 $5 (24. Qxa5 exf3 25. Re1 $1 {
achieves an edge.}) 24... fxe4 $2 (24... Qxe4 25. Qxa5 Rxd4 26. Qxa7 $4 Ra4 {
gains a queen.}) 25. Qxa5 Kb8 26. Qc3 Rd5 27. Re1 Rhd8 28. Rad1 Qd7 $5 29. c6
$1 Qd6 30. Rxe4 Rxb5 31. cxb7 Rxb7 {White has an extra pawn.} 32. d5 Rb5 33.
Kh2 Qb6 34. a4 Rb3 35. Qc4 Rb2 36. Re7 Rf8 37. Qe4 Rb4 38. Qe5 Rb2 39. Re8+
Rxe8 40. Qxe8+ Kb7 41. a5 $1 Qc5 42. a6+ $1 {He has a winning attack.} Kxa6 43.
Qc8+ Kb5 44. Qb8+ Qb6 45. Qe8+ {The king is chased.} Ka6 46. Qc8+ Kb5 47. Rc1
Qe3 48. Qb8+ Qb6 49. Qe8+ Kb4 50. Qe4+ Ka3 51. Ra1+ Ra2 52. Qd3+ Qb3 53. Qa6+
Kb2 54. Qf6+ Ka3 55. Qe7+ $5 (55. d6 $1 cxd6 56. Qxd6+ Kb2 57. Qe5+ Ka3 58.
Qc5+ Kb2 59. Qc1# {wins quickly.}) 55... Ka4 56. Rxa2+ Qxa2 57. Qxc7 Qxd5 58.
Qxa7+ Kb5 59. Qxh7 {White has two extra pawns in the queen ending.} Qe6 60. h4
Kc5 61. Qh6 Qe8 62. Qf4 Kd5 63. g4 Qe1 64. Qg5+ Kd4 65. Qf6+ Kd5 66. h5 $1 gxh5
67. gxh5 Qe8 68. Qf5+ Kd4 69. h6 Qb8+ 70. Kh3 Qb3+ 71. g3 Qb7 72. h7 Qh1+ 73.
Kg4 Qd1+ 74. Kg5 {Vachier Lagrave kept the lead.} 1-0

[Event "Hoogeveen"]
[Site "Unive 15"]
[Date "2011.10.16"]
[Round "1"]
[White "Kramnik, Vladimir"]
[Black "Giri, Anish"]
[Result "1-0"]
[WhiteElo "2791"]
[BlackElo "2722"]
[Annotator "JvR"]
[PlyCount "69"]
[EventDate "2011.10.16"]
[SourceDate "1998.01.31"]

{The fifteenth Unive tournament was played in Hoogeveen from 16 until 22 x
2011. Participants were Kramik the former world champion, Polgar the strongest
woman, Vachier Lagrave as youngster and Giri as best Dutchman.} 1. Nf3 Nf6 2.
c4 g6 3. Nc3 Bg7 4. e4 d6 5. d4 O-O 6. Be2 e5 7. O-O Nc6 8. d5 Ne7 9. b4 Nh5
10. g3 f5 11. Ng5 Nf6 12. Bf3 c6 13. Ba3 $5 {This move looks somewhat clumsy.}
cxd5 $1 14. exd5 e4 15. Be2 $1 {The king's bishop stand more actively on e2.}
Ne8 ({A novelty will become} 15... h6 $5 16. Ne6 Bxe6 17. dxe6 f4 {
(Wang Hao - Bacrot, Biel 2012).}) 16. Rc1 h6 17. Ne6 Bxe6 18. dxe6 Nc7 $6 ({
Better is} 18... Qc8 $1 19. Nd5 Qxe6 20. Nf4 Qd7) 19. b5 $1 Be5 $2 (19... Nxe6
$1 20. Qxd6 Qxd6 21. Bxd6 Bxc3 22. Rxc3 Nd4 23. Bd1 Kf7 {defends well.}) 20.
Qb3 $1 Kg7 ({Giri overlooked} 20... Nxe6 21. c5 $1 d5 22. Nxd5 $1 Nxd5 23. Rfd1
Nd4 24. Rxd4 $1 Bxd4 25. Rd1 {and White wins.}) 21. Rfd1 Nxe6 22. c5 Nd4 23.
Rxd4 $1 Bxd4 24. cxd6 Ng8 25. Nd5 Kh8 26. Rc7 Be5 27. Bb2 $5 Qxd6 28. Rxb7 g5
29. b6 $5 a5 30. Bh5 Rab8 31. Ra7 Bxb2 32. Qxb2+ Nf6 33. Bf7 Kg7 34. Rd7 Qc6
35. Be6+ {Kramnik had a fine start.} 1-0